Kriminalität und Kriminalisierung drogengebrauchender Frauen: kritische Analyse der justitiellen Sanktionspraxis und Möglichkeiten der Depönalisierung
| Main Author: | |
|---|---|
| Format: | Print Book |
| Language: | German |
| Published: |
Berlin
VWB, Verl. für Wiss. und Bildung
1998
|
| In: |
Studien zur qualitativen Drogenforschung und akzeptierenden Drogenarbeit (18)
Year: 1998 |
| Online Access: |
Table of Contents |
| Availability in Tübingen: | Present in Tübingen. IFK: B III 171 |
| Check availability: | HBZ Gateway |
| Subito Delivery Service: | Order now. |
| Keywords: |
MARC
| LEADER | 00000cam a2200000 c 4500 | ||
|---|---|---|---|
| 001 | 240095642 | ||
| 003 | DE-627 | ||
| 005 | 20251129030545.0 | ||
| 007 | tu | ||
| 008 | 980213s1998 gw ||||| 00| ||ger c | ||
| 015 | |a 98,N09,0168 |2 dnb | ||
| 015 | |a 98,A18,0574 |2 dnb | ||
| 016 | 7 | |a 952834545 |2 DE-101 | |
| 020 | |a 3861350777 |c : DM 29.80 (kart.) |9 3-86135-077-7 | ||
| 035 | |a (DE-627)240095642 | ||
| 035 | |a (DE-576)064700623 | ||
| 035 | |a (DE-599)DNB952834545 | ||
| 035 | |a (OCoLC)75867998 | ||
| 035 | |a (OCoLC)75867998 | ||
| 040 | |a DE-627 |b ger |c DE-627 |e rakwb | ||
| 041 | |a ger | ||
| 044 | |c XA-DE | ||
| 084 | |a 19 |a 14 |2 sdnb | ||
| 084 | |a PH 8520 |2 rvk |0 (DE-625)rvk/136508: | ||
| 084 | |a 79.22 |2 bkl | ||
| 100 | 1 | |a Zurhold, Heike |d 1966- |0 (DE-588)123478510 |0 (DE-627)082578508 |0 (DE-576)171275535 |4 aut | |
| 109 | |a Zurhold, Heike 1966- | ||
| 245 | 1 | 0 | |a Kriminalität und Kriminalisierung drogengebrauchender Frauen |b kritische Analyse der justitiellen Sanktionspraxis und Möglichkeiten der Depönalisierung |c Heike Zurhold. [Hrsg. Institut zur Förderung Qualitativer Drogenforschung, Akzeptierender Drogenarbeit und Rationaler Drogenpolitik INDRO e.V.] |
| 263 | |a brosch. : DM 29.80 (freier Pr.) | ||
| 264 | 1 | |a Berlin |b VWB, Verl. für Wiss. und Bildung |c 1998 | |
| 300 | |a 150 S. |c 21 cm | ||
| 336 | |a Text |b txt |2 rdacontent | ||
| 337 | |a ohne Hilfsmittel zu benutzen |b n |2 rdamedia | ||
| 338 | |a Band |b nc |2 rdacarrier | ||
| 490 | 1 | |a Studien zur qualitativen Drogenforschung und akzeptierenden Drogenarbeit |v 18 | |
| 500 | |a Literaturverz. S. 141 - 150 | ||
| 689 | 0 | 0 | |d s |0 (DE-588)4018202-2 |0 (DE-627)104270705 |0 (DE-576)208923209 |a Frau |2 gnd |
| 689 | 0 | 1 | |d s |0 (DE-588)4138597-4 |0 (DE-627)104577576 |0 (DE-576)209687398 |a Drogenabhängigkeit |2 gnd |
| 689 | 0 | 2 | |d s |0 (DE-588)4033178-7 |0 (DE-627)10458503X |0 (DE-576)209000511 |a Kriminalität |2 gnd |
| 689 | 0 | 3 | |d s |0 (DE-588)4198658-1 |0 (DE-627)105187038 |0 (DE-576)210123443 |a Drogenkonsum |2 gnd |
| 689 | 0 | 4 | |d s |0 (DE-588)4014880-4 |0 (DE-627)106338412 |0 (DE-576)20890977X |a Entkriminalisierung |2 gnd |
| 689 | 0 | |5 DE-101 | |
| 830 | 0 | |a Studien zur qualitativen Drogenforschung und akzeptierenden Drogenarbeit |v 18 |9 18 |w (DE-627)233231684 |w (DE-576)035878746 |w (DE-600)1391954-4 |x 1435-7828 |7 am | |
| 856 | 4 | 2 | |u http://www.gbv.de/dms/hbz/toc/ht008511793.pdf |m V:DE-605 |q pdf/application |v 2008-11-15 |x Verlag |y Inhaltsverzeichnis |3 Inhaltsverzeichnis |7 1 |
| 935 | |i Blocktest | ||
| 936 | r | v | |a PH 8520 |b Alkoholismus; Verwahrlosung; Nichtsesshafter, Obdachloser; Arbeitslosigkeit; Armut, Neue Armut; Drogenmissbrauch, Drogenabhängigkeit, Drogenkonsum; Drogenkriminalität; Beschaffungskriminalität |k Rechtswissenschaft |k Strafrecht, Strafverfahrensrecht, Kriminologie |k Kriminologie |k Weitere Problemfelder |k Alkoholismus; Verwahrlosung; Nichtsesshafter, Obdachloser; Arbeitslosigkeit; Armut, Neue Armut; Drogenmissbrauch, Drogenabhängigkeit, Drogenkonsum; Drogenkriminalität; Beschaffungskriminalität |0 (DE-627)1272237907 |0 (DE-625)rvk/136508: |0 (DE-576)202237907 |
| 936 | b | k | |a 79.22 |j Soziale Arbeit mit Suchtkranken |0 (DE-627)106421964 |
| 951 | |a BO | ||
| ELC | |b 1 | ||
| LOK | |0 000 xxxxxcx a22 zn 4500 | ||
| LOK | |0 001 323749898X | ||
| LOK | |0 003 DE-627 | ||
| LOK | |0 004 240095642 | ||
| LOK | |0 005 19981215000000 | ||
| LOK | |0 008 981109||||||||||||||||ger||||||| | ||
| LOK | |0 040 |a DE-21-110 |c DE-627 |d DE-21-110 | ||
| LOK | |0 852 |a DE-21-110 | ||
| LOK | |0 852 1 |c B III 171 |m p |9 00 | ||
| LOK | |0 935 |a k110 | ||
| LOK | |0 936ln |a 11.1.4 | ||
| LOK | |0 938 |k p | ||
| LOK | |0 939 |a 09-11-98 |b l01 | ||
| ORI | |a SA-MARC-krimdoka001.raw | ||
| SIG | |a IFK: B III 171 | ||
